| 000 | 00447nam a2200157Ia 4500 | ||
|---|---|---|---|
| 008 | 231217s9999 xx 000 0 und d | ||
| 041 | _aEnglish | ||
| 082 | _a658.5 PHA;4 R1 | ||
| 100 | _aPhaneesh, K R. Vishnu Kumar, K L ed. | ||
| 245 | 0 | _aProduction and operations management : as per VTU syllabus | |
| 250 | _a3rd ed. | ||
| 260 |
_c2003 _bSudha _aBangalore |
||
| 300 | _a303 | ||
| 650 | _aProduction,operations,management | ||
| 942 | _cAA | ||
| 999 |
_c196135 _d196135 |
||